Marine fisheries ecology
Saved in:
| Main Author: | |
|---|---|
| Other Authors: | , |
| Format: | Book |
| Language: | English |
| Published: |
Oxford :
Blackwell Science,
2001
|
| Subjects: | |
| Tags: |
Add Tag
No Tags, Be the first to tag this record!
|
MARC
| LEADER | 00000nam a2200000 i 4500 | ||
|---|---|---|---|
| 001 | 1/94179 | ||
| 008 | 080919s2001 eng d | ||
| 020 | |a 0-632-05098-5 | ||
| 035 | |l 10100281 | ||
| 040 | |a GR-MY-UA |b gre |e aacr | ||
| 041 | 0 | |a eng | |
| 082 | 0 | |a 333.956 |2 (22) | |
| 100 | 1 | |a Jennings, Simon, Ph. D., Simon |b Ph. D. | |
| 245 | 1 | 0 | |a Marine fisheries ecology / |c Simon Jennings, Michel J. Kaiser, John D. Reynolds |
| 260 | |a Oxford : |b Blackwell Science, |c 2001 | ||
| 300 | |a xiii, 417 σ.; |b εικ., χάρτες; |c 25 εκ. | ||
| 504 | |a Βιβλιογραφία: σ. 348-397 | ||
| 650 | 0 | 0 | |a Fishery management. |
| 650 | 0 | 0 | |a Marine fishes |x Ecology. |
| 650 | 0 | 0 | |a Fisheries |x Environmental aspects. |
| 700 | 1 | |a Kaiser, Michel J. | |
| 700 | 1 | |a Reynolds, John D. |c Ph. D. | |
| 852 | |a INST |b LESVOS |e 20080919 |h 333.956 JEN |p 005100043126 |q 005100043126 |t BK |y 0 | ||
| 852 | |a INST |b LESVOS |e 20081216 |h 333.956 JEN |p 005100043692 |q 005100043692 |t BK |y 0 | ||
| 901 | |a BIBL1-2008-3 | ||
| 909 | |a Λ |b 145137 | ||
| 909 | |a Λ |b 157542 | ||
| 920 | |a ΕΠΕΑΕΚ ΠΜΣ ΔΙΑΧΕΙΡΙΣΗ ΠΑΡΑΚΤΙΩΝ ΠΕΡΙΟΧΩΝ |y ΛΕΣΒΟΣ |z 2008-12 | ||
| 922 | |a 1ΕΛΗ |b 200801 |c ΕΠΕΑΕΚ2/ΤΕΘ |d ΕΛΕΥΘΕΡΟΥΔΑΚΗΣ | ||
| 970 | |a ΚΑΡΑ |b ΓΙΑΣΕΜΗ |z 2008/09/19 | ||